| 000 | 00953nam a2200241 i 4500 | ||
|---|---|---|---|
| 001 | 187141 | ||
| 003 | ES-MaACL | ||
| 005 | 20250710064923.0 | ||
| 008 | 170424m19631969fr f |||| |dfre d | ||
| 080 | _a821.133.1.09 | ||
| 100 | 0 |
_aLagarde, André, _d1912-2001 _969555 |
|
| 245 | 1 | 4 |
_aLes grands auteurs français du programme / _cAndré Lagarde, Laurent Michard. |
| 260 |
_aParis : _bBordas, _c[1963-1969] |
||
| 300 |
_a6 v. : _blám. col. y n. ; _c22 cm. |
||
| 490 | 1 | _aTextes et littérature | |
| 500 | _aÍndices. | ||
| 505 | 8 |
_aContiene: I ; _tMoyen Age - II ; _tXVIe siècle - III ; _tXVII siècle - IV ; _tXVIIIe siècle - V ; _tXIXe siècle - VI ; _tXXe siècle |
|
| 650 | 4 |
_aLiteratura francesa- _xHistoria y crítica _914586 |
|
| 700 | 0 |
_aMichard, Laurent, _d1915-1984 _980872 |
|
| 830 | 0 |
_aTextes et littérature _9228508 |
|
| 852 |
_aES-MaACL _jL-31465-70 _z- Enc. cart. _z. - Donat. Carmen Zumárraga |
||
| 999 |
_c187141 _d187141 |
||